00728nam a2200217ma 4500001001000000003000600010005001700016008004100033035003500074040002800109050002000137082001600157100003200173245008700205250001000292260004300302300003800345440006000383650003300443852003400476000014414UkOxU20200929163841.0860101s1941 xx 000 0 spa d aOCLC ocm03373612 from D960216M aDO-SdBNPcTOLdDZMdEQO 0aPA51b.K84 1941 aD05035858761 aKroll, Wilhelm,d1869-1939.10aHistoria de la filología clásica. /cTr. y ampliada por Pascual Galindo Romeo. a2. ed aBarcelona :bEditorial Labor,c[1941]. a188 p. :bilus., ports. ;c19 cm. 0aColección Labor.nSección III,pCiencias literarias 0aClassical philologyxHistory 714676005yIn place5503585877